| 000 | 00729nam a2200205Ia 4500 | ||
|---|---|---|---|
| 001 | 9355 | ||
| 003 | GE_BSU | ||
| 008 | 181216s||||||||xx |||||||||||||| ||und|| | ||
| 040 | _cGE_BSU | ||
| 080 | _a94(47+57)''1941-1945(092)(479.22) | ||
| 100 | _aმაისურაძე,ელიზბარ | ||
| 245 | _aქერჩი,1943.მოთხრობები | ||
| 245 | _cსარედ. კოლ. გივი გოგიჩაიშვილი და სხვ. მხატვ. ე.ბურჯანაძე | ||
| 260 | _aთბილისი | ||
| 260 | _bმერანი | ||
| 260 | _c1976 | ||
| 300 | _a692გვ.20სმ. | ||
| 653 | _aქერჩი,1943.მოთხრობები | ||
| 942 | _cBK | ||
| 999 |
_c42651 _d42651 |
||